<?xml version="1.0" encoding="UTF-8"?><?xml-stylesheet type="text/xsl" href="static/style.xsl"?><OAI-PMH xmlns="http://www.openarchives.org/OAI/2.0/" xmlns:xsi="http://www.w3.org/2001/XMLSchema-instance" xsi:schemaLocation="http://www.openarchives.org/OAI/2.0/ http://www.openarchives.org/OAI/2.0/OAI-PMH.xsd"><responseDate>2026-06-05T12:28:02Z</responseDate><request verb="GetRecord" identifier="oai:riuma.uma.es:10630/15213" metadataPrefix="marc">https://riuma.uma.es/rest/oai/request</request><GetRecord><record><header><identifier>oai:riuma.uma.es:10630/15213</identifier><datestamp>2026-02-03T10:20:00Z</datestamp><setSpec>com_10630_1685</setSpec><setSpec>col_10630_38055</setSpec></header><metadata><record xmlns="http://www.loc.gov/MARC21/slim" xmlns:dcterms="http://purl.org/dc/terms/" xmlns:doc="http://www.lyncode.com/xoai" xmlns:xsi="http://www.w3.org/2001/XMLSchema-instance" xsi:schemaLocation="http://www.loc.gov/MARC21/slim http://www.loc.gov/standards/marcxml/schema/MARC21slim.xsd">
   <leader>00925njm 22002777a 4500</leader>
   <datafield ind2=" " ind1=" " tag="042">
      <subfield code="a">dc</subfield>
   </datafield>
   <datafield ind2=" " ind1=" " tag="720">
      <subfield code="a">Scovenna-Ramírez, Leonardo</subfield>
      <subfield code="e">author</subfield>
   </datafield>
   <datafield ind2=" " ind1=" " tag="260">
      <subfield code="c">2018-02-20</subfield>
   </datafield>
   <datafield ind2=" " ind1=" " tag="520">
      <subfield code="a">Actualmente la mayoría de software de copia de seguridad está orientado a medianas y grandes empresas. Puesto que éstas cuentan con suficientes recursos personales y materiales, para la industria no ha sido necesario invertir en evolucionar los paradigmas clásicos de copias de seguridad ya que el beneficio que tendría dentro de su marco de negocio no es representativo. Esta situación provoca que los profesionales independientes y PYMES no reciban legado tecnológico aplicable a sus necesidades, de forma directa. Para utilizar las mismas tecnologías sería necesario un desembolso significativo en hardware y personal suficientemente cualificado. En este trabajo se estudiará mediante la implementación de un prototipo la viabilidad de un sistema de monitorización de las acciones del usuario en el sistema de ficheros, almacenamiento y posterior análisis de las mismas. Este sistema tendrá como objetivo recopilar datos de uso de los ficheros, aplicar métodos estadísticos para ayudar a la detección de la estructura definida por el uso de los datos de usuario, clasificar los ficheros utilizados según criterios de relevancia, y como resultado práctico, reducir la complejidad de la toma de decisiones relacionada con las copias de seguridad.</subfield>
   </datafield>
   <datafield ind1="8" ind2=" " tag="024">
      <subfield code="a">https://hdl.handle.net/10630/15213</subfield>
   </datafield>
   <datafield tag="653" ind2=" " ind1=" ">
      <subfield code="a">Análisis multivariante</subfield>
   </datafield>
   <datafield tag="653" ind2=" " ind1=" ">
      <subfield code="a">Datos - Protección</subfield>
   </datafield>
   <datafield tag="653" ind2=" " ind1=" ">
      <subfield code="a">Grado en Ingeniería de Computadores - Trabajos Fin de Grado</subfield>
   </datafield>
   <datafield tag="653" ind2=" " ind1=" ">
      <subfield code="a">Informática - Trabajos Fin de Grado</subfield>
   </datafield>
   <datafield ind2="0" ind1="0" tag="245">
      <subfield code="a">Prototipo de sistema de recolección de datos y análisis para la toma de decisiones en sistemas de backup</subfield>
   </datafield>
</record>
</metadata></record></GetRecord></OAI-PMH>